|
|
|
|
| LEADER |
00818nam a22002411 4500 |
| 001 |
c000199001 |
| 003 |
CARM |
| 005 |
20021125001800.0 |
| 008 |
851029s1978 fr 0 fre d |
| 019 |
1 |
|
|a 4017902
|5 LACONCORD2021
|
| 035 |
|
|
|a (OCoLC)7018216
|5 LACONCORD2021
|
| 043 |
|
|
|a e-fr---
|
| 100 |
1 |
|
|a Guiraud, Pierre.
|
| 245 |
1 |
3 |
|a La versification :
|b Pierre Guiraud.
|
| 250 |
|
|
|a 3e ed.
|
| 260 |
|
|
|a Paris :
|b Presses universitaires de France,
|c 1978.
|
| 300 |
|
|
|a 125 p.
|
| 440 |
|
0 |
|a Que sais-je? ;
|v 1377
|
| 650 |
|
0 |
|a French language
|x Versification.
|
| 852 |
8 |
|
|b CARM
|h A2:AN22A0
|i A03326
|p 0298054
|f BK
|
| 082 |
0 |
4 |
|a 808.1
|
| 999 |
f |
f |
|i 000a634e-df88-562c-b50e-3510ce321d6a
|s 6a17f10f-80f2-576d-a58c-4368b0ed15af
|
| 952 |
f |
f |
|p Can circulate
|a CAVAL
|b CAVAL
|c CAVAL
|d CARM 1 Store
|e A03326
|f A2:AN22A0
|h Other scheme
|i book
|m 0298054
|